Comparative political systems. (Record no. 772)
[ view plain ]
| 000 -LEADER | |
|---|---|
| fixed length control field | 00489cam a2200193ua 4500 |
| 001 - CONTROL NUMBER | |
| control field | 848 |
| 005 - DATE AND TIME OF LATEST TRANSACTION | |
| control field | 20260515113231.0 |
| 008 - FIXED-LENGTH DATA ELEMENTS--GENERAL INFORMATION | |
| fixed length control field | 110421n ii |||gr||||Z||||||eng |
| 040 ## - CATALOGING SOURCE | |
| Transcribing agency | MAIN |
| 082 ## - DEWEY DECIMAL CLASSIFICATION NUMBER | |
| Classification number | 320.3 |
| 245 1# - TITLE STATEMENT | |
| Title | Comparative political systems. |
| Statement of responsibility, etc. | By L N Srivastava. |
| 250 ## - EDITION STATEMENT | |
| Edition statement | 4th. |
| 260 ## - PUBLICATION, DISTRIBUTION, ETC. | |
| Place of publication, distribution, etc. | Delhi.: |
| Name of publisher, distributor, etc. | SBD publisher.,999. |
| 300 ## - PHYSICAL DESCRIPTION | |
| Extent | 432 p.: |
| Dimensions | 20 cm. |
| 653 ## - INDEX TERM--UNCONTROLLED | |
| Uncontrolled term | Political science. |
| 653 ## - INDEX TERM--UNCONTROLLED | |
| Uncontrolled term | Comparative political system. |
| 700 1# - ADDED ENTRY--PERSONAL NAME | |
| Personal name | Srivastava, L N., |
| 942 ## - ADDED ENTRY ELEMENTS (KOHA) | |
| Koha item type | Books |
| Withdrawn status | Lost status | Damaged status | Not for loan | Home library | Current library | Shelving location | Date acquired | Total checkouts | Full call number | Barcode | Date last seen | Date last checked out | Copy number | Price effective from | Koha item type |
|---|---|---|---|---|---|---|---|---|---|---|---|---|---|---|---|
| Naharkatiya College Library | Naharkatiya College Library | General stacks | 09/19/2020 | 1 | 320.3 | SRI | 506 | 05/31/2022 | 05/10/2022 | 1 | 09/19/2020 | Books |